000 01091cam a22002771a 4500
001 sa 64009272
003 DLC
005 20260227112100.0
008 840328s1963 ii f000 0 eng
010 _asa 64009272
035 _a(OCoLC)10568265
040 _aDLC
_cMNS
_dMNS
_dDLC
042 _apremarc
043 _aa-ii---
050 0 0 _aHD70.I4
_bC58
245 0 0 _aSelected articles on the working and management of corporate sector in India.
260 _a[New Delhi] :
_bResearch and Statistics Division, Dept. of Company Law Administration, Ministry of Industry,
_c[1963?]
300 _a77 p. ;
_c25 cm.
500 _aCover title.
500 _a"Articles contributed by the officers ... [the] Department [of Company Law Administration] to the first annual number of Company news and notes, issued on the 1st October 1963."
650 0 _aIndustrial management
_zIndia.
650 0 _aCorporations
_zIndia.
710 1 _aIndia.
_bDepartment of Company Law Administration.
730 0 _aCompany news and notes.
740 0 _aWorking and management of corporate sector in India.
999 _c61335
_d61335